00264nam a2200097Ia 4500008004100000100001500041245003500056260002900091300000900120650003700129190216s9999||||xx |||||||||||||| ||und|| aGulati S R 0aHistory Of England Since 1760 bMalhotra Book Depoc1979 a823p aWorld History-History Of England